Responses for Show #7562 - Tuesday, June 27, 2017

Contestants

[<< previous game]

Shannon Crock, a cashier from Mars, Pennsylvania

Heather Hurley, a civil servant from Arlington, Virginia

Brandon Randall, a student from Provo, Utah (whose 1-day cash winnings total $20,001)

[next game >>]

Jeopardy! Round responses

SEUSS SYNOPSIZES HIMSELF
OLD SCHOOL
A BUCKET LIST
WORLD HERITAGE SITES
SYNONYMS FOR COLD
NET FLICKS
    $200 8
green eggs and ham

Heather
    $200 16
(Brandon: What is Cambridge?)

Oxford

BrandonHeather
    $200 17
KFC

Shannon
    $200 26
the hippopotamus

Heather
    $200 6
polar (or arctic)

Brandon
    $200 1
Hoosiers

Brandon
    $400 9
How the Grinch Stole Christmas

Brandon
    $400 22
Yale

Brandon
    $400 18
ALS (or Lou Gehrig's disease)

Heather
    $400 27
a monastery

Heather
    $400 7
subzero

Triple Stumper
    $400 2
Bend It Like Beckham

Brandon
    $600 10
the fox

Brandon
    $600 23
the Sorbonne

Brandon
    $600 19
Minecraft

Shannon
    $600 28
lava tubes

Triple Stumper
    $600 13
Chilly (Willy) the Penguin

Shannon
    $600 3
Wimbledon

Heather
    $800 11
the Lorax

Brandon
    $800 24
William and Mary

Shannon
    $800 20
cloud storage

Triple Stumper
    $800 29
Bolivia

Brandon
    $800 14
a Frosty

Brandon
    $800 4
White Men Can't Jump

Brandon
    $1000 12
Yertle the Turtle

Brandon
    $1000 25
Trinity College

Triple Stumper
    $1000 21
Roger Corman

Triple Stumper
    $1,200 30
the Great Barrier Reef

Brandon
    $1000 15
biting

Triple Stumper
    $1000 5
Kicking and Screaming

Heather

Scores at the first commercial break (after clue 15):

Brandon Heather Shannon
$5,200 $1,800 $600

Scores at the end of the Jeopardy! Round:

Brandon Heather Shannon
$8,000 $3,000 $2,200

Double Jeopardy! Round responses

POKEY, MAN, GO
GENRES
SCOT-POURRI
RELIGION
SCULPTORS & STATUORS
A-M
    $400 3
(Jefferson) Davis

Heather
    $400 12
reggae

Triple Stumper
    $400 23
the Stone of Scone

Triple Stumper
    $400 10
an Ayatollah

Shannon
    $400 21
a gun

Heather
    $400 1
(Heather: What is amphibian?)

an acronym

HeatherShannon
    $800 7
the Man in the Iron Mask

Heather
    $800 13
a procedural

Shannon
    $800 24
Dundee

Triple Stumper
    $800 17
Buddha's mother

Triple Stumper
    $800 22
Ottawa

Shannon
    $800 2
aluminum

Brandon
    $1200 8
(Brandon: What is the Hollywood Five?)
(Alex: You had to double that, they were [*].)

the Hollywood Ten

Brandon
Triple Stumper
    $1200 14
a first-person shooter

Heather
    $1200 28
a Douglas fir

Shannon
    $1200 18
shiva

Heather
    $1200 25
the Ozarks

Heather
    $1200 4
an anthem

Heather
    $1600 9
(John) Bunyan

Brandon
    $1600 15
alternate history

Brandon
    $1600 29
(Shannon: Who is William Wallace?)

Robert the Bruce

Shannon
Triple Stumper
    $1600 19
a mitre

Shannon
    $1,600 26
(Heather: Who is Rushmore?)

Gutzon Borglum

Heather
    $1600 5
an aneurysm

Heather
    $500 11
Richard the Lionheart

Shannon
    $2000 16
salsa

Brandon
    $2000 30
(Nicola) Sturgeon

Brandon
    $2000 20
Moroni

Brandon
    $2000 27
(Brandon: Who is Queen Elizabeth I?)

Britannia

BrandonShannon
    $2000 6
arboretum

Heather

Scores at the end of the Double Jeopardy! Round:

Brandon Heather Shannon
$14,800 $11,000 $8,300

[wagering suggestions for these scores]

Final Jeopardy! Round responses

LITERARY REFERENCES
(Alex: An important part of the clue was the first part.)
...
(Alex: [To Shannon] The reference, of course, to Fahrenheit 451 by Ray Bradbury.)
ShannonWhat is 451?
$8,295
HeatherWhat is 404?
$10,998
BrandonWhat is 451?
$7,201
451

Final scores:

Brandon Heather Shannon
$22,001 $2 $16,595
2-day champion: $42,002 3rd place: $1,000 2nd place: $2,000

Game dynamics:

Coryat scores:

Brandon Heather Shannon
$14,600 $12,600 $9,800
19 R
(including 1 DD),
3 W
16 R,
2 W
(including 1 DD)
12 R
(including 1 DD),
1 W

Combined Coryat: $37,000

[game clues] [game scores] [suggest correction]

Game tape date: 2017-03-08
The J! Archive is created by fans, for fans. Scraping, republication, monetization, and malicious use prohibited; this site may use cookies and collect identifying information. See terms. The Jeopardy! game show and all elements thereof, including but not limited to copyright and trademark thereto, are the property of Jeopardy Productions, Inc. and are protected under law. This website is not affiliated with, sponsored by, or operated by Jeopardy Productions, Inc. Join the discussion at JBoard.tv.